Mariano Arosemena (1794-1868) /

Kaydedildi:
Detaylı Bibliyografya
Yazar: Escarreola P., Rommel
Materyal Türü: Metin
Etiketler: Etiketle
Etiket eklenmemiş, İlk siz ekleyin!

MARC

LEADER 00000 a a2200000 04500
001 47603
003
040
100 |a Escarreola P., Rommel  
245 |a Mariano Arosemena (1794-1868) /  |c Rommel Escarreola P. 
773 |g número510, (2013), páginas 146-152  
999 |c 31726  |d 31726